000 00473nam a22001817a 4500
005 20230118110654.0
008 200318b xxu||||| |||| 00| 0 eng d
020 _a9788123922546
041 _aeng
082 _a615.4
100 _aKAR , ASHUTOS
_95262
245 _aPHARMACEUTICAL ANALYSIS
_cASHUTOS , KAR
250 _a1'ST
260 _aNEW DELHI
_bCBS PUBLISHERS AND DISTRIBUTORS
_c2018
300 _a596P. ; XXIX
650 _aPHARMCY
_xD.PHARMA
_97473
942 _cBK
999 _c6140
_d6138